| 000 | 00667nam a2200217 u 4500 | ||
|---|---|---|---|
| 005 | 20240228064254.0 | ||
| 008 | 170120s2007 r 000 0 eng d | ||
| 020 | _a1404265988 | ||
| 035 | _aUPN01000215446 | ||
| 049 | _aI | ||
| 050 | 4 |
_aPZ7 _bR6.24 |
|
| 100 | 1 |
_aRoesser, Griffin _940099 |
|
| 245 | 1 | 0 |
_aDigger tiene un nuevo amigo / _cGriffin Roesser ; tr. Joé María Obregón. |
| 260 |
_aNew York : _bRosen Classroom Books & Materials, _c2007. |
||
| 300 |
_a8 p. : _bil. |
||
| 440 | 0 |
_aLecturas del barrio. _pHumor |
|
| 650 | 0 |
_aAnimales _vCuentos y leyendas _9234 |
|
| 650 | 4 |
_aLibros y lectura para niños _92290 |
|
| 905 | _aInfantil | ||
| 999 |
_c187546 _d187546 |
||